MDQL
is popping MORE tags! Check the
thread
!
Quizzes
Events
Quiz Creation
Community
Videos
Private Events
Remove Ads
Sign In
Join for FREE
Feedback
Dark Mode
Quiz Categories
Sports
Geography
Music
Movies
Television
Just For Fun
Miscellaneous
History
Literature
Language
Science
Gaming
Entertainment
Religion
Holiday
For Kids
Quiz Lab
Recent
Popular Today
Quiz Kudos Today
Editor Picks
Curator Picks
Quizzes by...
Day
Popularity
Type
Ratings
Length
Year
Community
Subscriptions
Recent Discussions
Orange Saloon
Badges
Playlists
Quests
Create
Leaderboards
Showdown
Live 5
Trivia Bingo
Activity
Puzzle Library
Sporcle Events
Private Events
Virtual Trivia
Globe League
Become a Host
Pub Owners
SporcleCon
Opinionation
Our Games
Videos
Blog
Mobile Apps
Partnerships
Remove Ads and Go Orange
Feedback
Geography
Country
Landmarks
City
State
Population
World
Capital
Continent
Flags
Europe
Africa
Asia
South America
North America
Oceania
Border
Canada
United Kingdom
Topography
United States
Geography
Country
Landmarks
City
State
Population
World
Capital
Continent
Flags
Europe
Africa
Asia
South America
North America
Oceania
Border
Canada
United Kingdom
Topography
United States
Random Quiz
Search Sporcle
×
Quiz Lab
Quiz Lab
Geography
World
Type in answers that appear in a list
Type in answers that appear in a list
Classic
Best Score? Go Orange.
Top 100 Agglos (EXCL. CHINA) Stats
Can you name the top 100 most populous agglomerations in the world, excluding China?
By
Cryptus
15m
100 Questions
1,312 Plays
1,312 Plays
1,312 Plays
Comments
Comments
Give Quiz Kudos
Give Quiz Kudos
-
- Ratings
hide this ad
Replay
Link that replays current quiz
Next Quiz
Link to next quiz in quiz playlist
You Got
0%
They Got
Avg Score
75%
Avg Friend Score
Upgrade to see
Score Distribution
Jump to the score distribution portion of the page
Score
0/100
Timer
15:00
0
Plays Today
Rank
Agglo
% Correct
1
Tokyo, Japan
98.2%
11
Los Angeles, USA
98.2%
7=
New York, USA
97%
23
London, UK
96.8%
4
Mexico City, Mexico
95.8%
13
Moscow, Russia
95.5%
24
Paris, France
94.6%
10
Mumbai, India
94.5%
5
Delhi, India
93%
9
São Paulo, Brazil
93%
25
Chicago, USA
93%
14
Cairo, Egypt
92.4%
75
Berlin, Germany
92.2%
42
Madrid, Spain
92.1%
22
Rio de Janeiro, Brazil
92%
2=
Seoul, South Korea
91.8%
46
Dallas, USA
91.7%
52
Houston, USA
91.5%
2=
Jakarta, Indonesia
91.2%
16
Buenos Aires, Argentina
90.9%
20
Istanbul, Turkey
90.5%
40
San Francisco, USA
90.4%
58=
Saint Petersburg, Russia
90.4%
53
Miami, USA
90.3%
48=
Toronto, Canada
90%
12
Osaka, Japan
89.3%
19
Tehran, Iran
89.1%
66
Sydney, Australia
88.9%
35=
Johannesburg, South Africa
87.6%
27
Lima, Peru
87.5%
31
Bogotá, Colombia
87.4%
15
Kolkata, India
87%
21
Lagos, Nigeria
86.7%
39
Boston, USA
86.4%
Rank
Agglo
% Correct
18
Bangkok, Thailand
86.4%
47
Santiago, Chile
86.4%
69=
Barcelona, Spain
86.3%
6
Karachi, Pakistan
86.2%
7=
Manila, Philippines
86.1%
38
Philadelphia, USA
85.2%
35=
Washington, USA
85.1%
82=
Cape Town, South Africa
84.8%
87
Seattle, USA
83.8%
45
Baghdad, Iraq
83.5%
71
Caracas, Venezuela
83.4%
84=
Montreal, Canada
83.4%
17
Dhaka, Bangladesh
82.9%
76
Melbourne, Australia
82.7%
48=
Riyadh, Saudi Arabia
81.4%
37
Ho Chi Minh City, Vietnam
80.8%
26
Kinshasa, DRC
79.6%
57
Atlanta, USA
79.5%
60
Milan, Italy
79%
69=
Nairobi, Kenya
78.5%
74
Ankara, Turkey
78.4%
54=
Detroit, USA
77.5%
77=
Phoenix, USA
77.4%
43
Singapore, Singapore
76.8%
82=
Brasilia, Brazil
76.8%
98=
Athens, Greece
76.4%
44
Kuala Lumpur, Malaysia
76.3%
30
Lahore, Pakistan
76.1%
65
Alexandria, Egypt
75.8%
64
Guadalajara, Mexico
74.5%
28
Chennai, India
71.4%
29
Bangalore, India
71.1%
58=
Khartoum, Sudan
71%
32
Taipei, Taiwan
70.9%
Rank
Agglo
% Correct
34
Hyderabad, India
70.7%
81
Casablanca, Morocco
70.4%
48=
Belo Horizonte, Brazil
67.6%
79
Accra, Ghana
62.6%
72
Monterrey, Mexico
62.4%
95
Busan, South Korea
60.4%
61=
Yangon, Myanmar
59.8%
84=
Recife, Brazil
59.1%
48=
Luanda, Angola
58.1%
97
Dar es Salaam, Tanzania
57.3%
67
Abidjan, Côte d'Ivoire
56.5%
93
Salvador, Brazil
56.1%
68
The Ruhr, Germany
55.8%
100
Damascus, Syria
55.8%
77=
Porto Alegre, Brazil
55.7%
41
Ahmedabad, India
55.3%
94
Medellin, Colombia
55%
89=
Durban, South Africa
54.7%
33
Nagoya, Japan
54.3%
80
Naples, Italy
53.7%
63
Chittagong, Bangladesh
53.4%
56
Pune, India
53.1%
91
Jeddah, Saudi Arabia
49.5%
88
Fortaleza, Brazil
47.9%
86
Tampa, USA
45.8%
92
Kano, Nigeria
45%
73
Surabaya, Indonesia
43.4%
54=
Bandung, Indonesia
39%
61=
Surat, India
34.4%
96
Faisalabad, Pakistan
33%
98=
Rawalpindi, Pakistan
25.6%
89=
Kuwait City, Kuwait
24.8%
Quiz Playlist
Details
Report
Send in Message
Add To Playlist
Classic:
Type in answers that appear in a list
Quiz Source
Last Updated: Dec 2, 2020
Quiz Scoreboard
CHALLENGE
Sign Up to Join the Scoreboard
Show All
Scores
Hide
Comments
May contain spoilers
Recently Published
Two Season TV Shows II
by 123Four
Television
10m
Image Sorting: Flags VI
by Barbecue
Geography
2m
Find the 'City' Movie
by crazypaving
Movies
60s
More to Explore
Quiz From the Vault
Featured Blog Post
14 Easter Pick-up Lines to Find Eggs With
hide this ad
You Might Also Like...
Tags
City Quiz
Population Quiz
World Quiz
Today's Top Quizzes in Geography
Browse Geography
hide this ad
Today's Top Quizzes in World
Browse World
Top Contributed Quizzes in Geography
1
Colored Red Europe Blitz I
2
Countries of the World - No Outlines Minefield
3
Colored Red Africa Blitz II
4
Colored Red Europe Blitz II
5
Colored Red Europe Blitz III
6
Colored Red Africa Blitz III
7
Colored Red States Blitz I
8
A Different View: World Oceans
9
Colored Red States Blitz II
10
Colored Red States Blitz III
Explore More
Trending Topics
Harry Potter
Disney
Crossword
Kpop
NBA
Marvel
Anime
Soccer
Puzzle
Song
Country
Pokémon
WWE
The Office
NFL
hide this ad
More By:
Cryptus
Quiz
Plays
Rating
Category
Featured
Created
Top 100 Surnames (U.K.)
152,255
4.59
Miscellaneous
Apr 6, 2010
Common Beginnings: English League FC
72,726
4.60
Sports
Sep 14, 2011
Quick Prime Number Click
57,884
4.37
Just For Fun
Mar 2, 2016
Click the Trees
57,225
4.14
Science
Sep 17, 2012
London Underground Termini
52,842
4.15
Geography
Sep 29, 2009
Go to Creator's Profile
Score Distribution
Quiz Creator Spotlight
Cryptus
Follow
Send a Message
Quizzes Created
-
Created Quiz Play Count
-
More By This Creator
Popular Quizzes Today
1
Colored Red Africa Blitz
2
Find the US States - No Outlines Minefield
3
Find the 'City' Movie
4
5x2 Blitz: Bands
5
The Countries of the World
6
Find the US States
7
Find the Countries of Europe - No Outlines Minefield
8
US States
More Geography Quizzes
Reverse the Map Snippet Minefield Blitz! V
Quiz Lab
Trending Quizzes
Colored Red Europe Blitz I
Colored Red Africa Blitz II
Colored Red Europe Blitz II
Colored Red Africa Blitz III
Colored Red Europe Blitz III
Recently Updated
How Do You Spell That?
pecheneg
Godzilla Movies
pecheneg
Grab Bag: 4-10 Letters
pecheneg
2024 March Madness Bracket
pecheneg
Famous TV Couples
Peacemaker
Champions League XIs: Real Madrid
pecheneg
Largest US Cities 1790-2010
pecheneg
Rides in Walt Disney World
pecheneg
Most Oscar Losses (Acting)
pecheneg
Beyoncé Albums
pecheneg
Trending Topics
Harry Potter
Disney
Kpop
Marvel
Anime
Crossword
NBA
Country
Pokémon
Puzzle
WWE
The Office
Soccer
NFL
Song
Your Account Isn't Verified!
In order to create a playlist on Sporcle, you need to verify the email address you used during registration. Go to your
Sporcle Settings
to finish the process.
Report this User
Report this user for behavior that violates our
Community Guidelines
.
Details:
Send Report
Go to the Sporcle.com Mobile Site →
Comments